<?xml version="1.0" encoding="UTF-8"?>
<record
    xmlns:xsi="http://www.w3.org/2001/XMLSchema-instance"
    xsi:schemaLocation="http://www.loc.gov/MARC21/slim http://www.loc.gov/standards/marcxml/schema/MARC21slim.xsd"
    xmlns="http://www.loc.gov/MARC21/slim">

  <leader>02064nab a2200253uuc4500</leader>
  <controlfield tag="001">1351946</controlfield>
  <controlfield tag="005">20240911090540.0</controlfield>
  <controlfield tag="008">131128e20130105                    mul  </controlfield>
  <datafield tag="035" ind1=" " ind2=" ">
    <subfield code="a">1351946</subfield>
  </datafield>
  <datafield tag="040" ind1=" " ind2=" ">
    <subfield code="c">comduadb</subfield>
  </datafield>
  <datafield tag="041" ind1=" " ind2=" ">
    <subfield code="a">ENG</subfield>
    <subfield code="a">mul</subfield>
  </datafield>
  <datafield tag="100" ind1="1" ind2="0">
    <subfield code="a">Granados S&#xE1;nchez, Di&#xF3;doro</subfield>
    <subfield code="4">aut</subfield>
    <subfield code="e">aut</subfield>
    <subfield code="9">440330</subfield>
  </datafield>
  <datafield tag="245" ind1="1" ind2="4">
    <subfield code="a">Los procesos de desertificaci&#xF3;n y las regiones &#xE1;ridas</subfield>
  </datafield>
  <datafield tag="246" ind1="1" ind2=" ">
    <subfield code="a">The processes of desertification and arid regions.</subfield>
  </datafield>
  <datafield tag="520" ind1="3" ind2=" ">
    <subfield code="a">En este trabajo se realiz&#xF3; una revisi&#xF3;n de la desertificaci&#xF3;n, un proceso de degradaci&#xF3;n de la capacidad productiva de la tierra, en particular en las regiones &#xE1;ridas y semi&#xE1;ridas del mundo. Debido a que la desertificaci&#xF3;n aumenta progresivamente, se estudian las causas que originan y agudizan este fen&#xF3;meno en todo el mundo. En general, las causas de la desertificaci&#xF3;n se derivan de la presi&#xF3;n combinada de un clima adverso y fluctuante, y de la sobreexplotaci&#xF3;n de los recursos naturales. Se describen aspectos relacionados con la extensi&#xF3;n y severidad de la desertificaci&#xF3;n mundial, as&#xED; como las particularidades de la degradaci&#xF3;n de la tierra en M&#xE9;xico. Se plantean, adem&#xE1;s, las caracter&#xED;sticas de los procesos de desertificaci&#xF3;n. Se considera la intrincada red de relaciones existentes entre las condiciones ambientales, las actividades productivas y sus efectos sobre los recursos bi&#xF3;ticos, ed&#xE1;ficos e hidrol&#xF3;gicos. Finalmente, se presenta una serie de propuestas relacionadas con la aplicaci&#xF3;n de medidas preventivas y correctivas que tienden a prevenir y detener la desertificaci&#xF3;n.</subfield>
  </datafield>
  <datafield tag="650" ind1=" " ind2=" ">
    <subfield code="a">Desertificaci&#xF3;n</subfield>
    <subfield code="9">25162</subfield>
  </datafield>
  <datafield tag="650" ind1=" " ind2=" ">
    <subfield code="a">Regiones aridas</subfield>
    <subfield code="9">39834</subfield>
  </datafield>
  <datafield tag="650" ind1=" " ind2="7">
    <subfield code="a">Erosi&#xF3;n de suelos</subfield>
    <subfield code="2">armarc</subfield>
    <subfield code="9">14213</subfield>
  </datafield>
  <datafield tag="700" ind1="1" ind2="0">
    <subfield code="a">Hern&#xE1;ndez Garc&#xED;a, Miguel &#xC1;ngel</subfield>
    <subfield code="4">aut</subfield>
    <subfield code="e">aut</subfield>
    <subfield code="9">644178</subfield>
  </datafield>
  <datafield tag="700" ind1="1" ind2="0">
    <subfield code="a">V&#xE1;zquez Alarc&#xF3;n, Antonio</subfield>
    <subfield code="4">aut</subfield>
    <subfield code="e">aut</subfield>
    <subfield code="9">652968</subfield>
  </datafield>
  <datafield tag="700" ind1="1" ind2="0">
    <subfield code="a">Ru&#xED;z Puga, Pablo</subfield>
    <subfield code="4">aut</subfield>
    <subfield code="e">aut</subfield>
    <subfield code="9">686276</subfield>
  </datafield>
  <datafield tag="773" ind1="0" ind2=" ">
    <subfield code="t">Revista Chapingo : Serie Ciencias Forestales y del Ambiente (M&#xE9;xico)</subfield>
    <subfield code="g">Volumen 19, N&#xFA;mero 01, Enero-Abril 2013, p. 45-66</subfield>
    <subfield code="w">871607</subfield>
    <subfield code="x">0186-3231</subfield>
    <subfield code="0">308513</subfield>
  </datafield>
  <datafield tag="942" ind1=" " ind2=" ">
    <subfield code="c">ARIMP</subfield>
  </datafield>
  <datafield tag="999" ind1=" " ind2=" ">
    <subfield code="c">666885</subfield>
    <subfield code="d">666885</subfield>
  </datafield>
</record>
